Statistics for Top 10 Most Expensive Signings in Tottenham Hotspur's History

Click here to take the quiz!

General Stats

  • This quiz has been taken 410 times
    (390 since last reset)
  • The average score is 7 of 10

Answer Stats

Previous ClubTransfer FeePlayer% Correct
Bayer Leverkusen£22,000,000Son Heung-min
82%
AS Roma£25,700,000Erik Lamela
81%
Newcastle United£30,000,000Moussa Sissoko
79%
Valencia£26,000,000Roberto Soldado
69%
Dinamo Zagreb£15,800,000Luka Modric
67%
Portsmouth£16,000,000Jermain Defoe
64%
Corinthians£17,000,000Paulinho
61%
Fulham£15,000,000Moussa Dembele
55%
AZ Alkmaar£17,000,000Vincent Janssen
54%
Charlton Athletic£16,500,000Darren Bent
48%

Score Distribution

Percentile by Number Answered

Percent of People with Each Score

Your Score History

You have not taken this quiz since the last reset